アジアハイウェイ1号線の日本区間 - Statistics

General Stats
  • This quiz has been taken 24 times
  • The average score is 70 of 209
Answer Stats
Hint Answer % Correct
IC/TB 東京
89%
SA/JCT 海老名
74%
IC 静岡
74%
IC 名古屋
74%
JCT 米原
74%
IC | JCT 岡山
74%
IC 沼津
68%
IC 富士
68%
IC 浜松
68%
PA 豊橋
68%
JCT/IC 高槻
68%
JCT 神戸
68%
JCT/IC 倉敷
68%
IC | JCT 広島
68%
IC 岩国
68%
IC | JCT 下関
68%
IC 門司
68%
IC 福岡
68%
IC/JCT 御殿場
63%
IC/JCT 清水
63%
IC 焼津
63%
IC 磐田
63%
IC 大垣
63%
JCT/PA 草津
63%
JCT/IC 大山崎
63%
JCT/IC 吹田
63%
SA/SIC 福山
63%
JCT 山口
63%
IC 厚木
58%
SA/SIC 足柄
58%
IC 掛川
58%
IC 袋井
58%
IC | JCT 豊田
58%
IC/JCT 一宮
58%
IC 彦根
58%
IC/SA 大津
58%
JCT/IC 尾道
58%
IC | PA 八幡
58%
出入口 渋谷
53%
JCT 伊勢原
53%
IC 大井松田
53%
IC 裾野
53%
IC 菊川
53%
IC 豊川
53%
IC 岡崎
53%
PA 羽島
53%
IC 関ヶ原
53%
IC 茨木
53%
IC 宝塚
53%
IC 赤穂
53%
IC 横浜町田
47%
SA/SIC 富士川
47%
JCT/IC 小牧
47%
IC 栗東
47%
JCT | SA 三木
47%
PA 瀬戸
47%
IC/JCT 大竹
47%
IC/JCT 横浜青葉
42%
PA 由比
42%
SA 浜名湖
42%
IC 春日井
42%
JCT/SA/SIC 養老
42%
IC 京都東
42%
IC 京都南
42%
IC 龍野
42%
IC 山陽
42%
IC 笠岡
42%
IC 西条
42%
JCT 廿日市
42%
IC 門司港
42%
PA/TB/出入口 用賀
37%
PA 港北
37%
SA 牧之原
37%
PA/SIC 守山
37%
SA/SIC 多賀
37%
PA 桂川
37%
SA 西宮名塩
37%
IC 備前
37%
IC 福山東
37%
IC/JCT 小郡
37%
IC 美祢
37%
PA 壇ノ浦
37%
JCT 大橋
32%
SIC 綾瀬
32%
PA 中井
32%
PA 日本平
32%
IC 浜松西
32%
IC/JCT 三ヶ日
32%
JCT 日進
32%
SIC 安八
32%
IC 竜王
32%
IC 和気
32%
IC 鴨方
32%
IC 福山西
32%
IC 広島東
32%
SA/SIC 宮島
32%
IC 大野
32%
SA 下松
32%
PA めかり
32%
IC 小倉南
32%
PA 直方
32%
JCT 江戸橋
26%
出入口 池尻
26%
出入口 三軒茶屋
26%
IC 東名川崎
26%
IC 音羽蒲郡
26%
PA 東郷
26%
PA 伊吹
26%
IC 八日市
26%
JCT/IC 瀬田東
26%
IC 瀬田西
26%
IC 中国豊中
26%
IC 玉島
26%
IC 徳山東
26%
IC 徳山西
26%
IC 防府東
26%
IC 防府西
26%
IC 小月
26%
JCT 北九州
26%
IC 若宮
26%
SA/IC 古賀
26%
出入口 箱崎
26%
JCT 三宅坂
21%
IC 秦野中井
21%
PA 新城
21%
PA 美合
21%
IC 岐阜羽島
21%
IC 中国吹田
21%
IC 中国池田
21%
IC 西宮北
21%
IC/SA 龍野西
21%
JCT 播磨
21%
IC 本郷
21%
PA/IC 玖珂
21%
SA 美東
21%
IC 小倉東
21%
IC/PA 鞍手
21%
SIC 宮田
21%
出入口 神田橋
16%
出入口 霞ヶ関
16%
PA/SIC 愛鷹
16%
SIC 日本平久能山
16%
PA 日本坂
16%
PA 赤塚
16%
SA/SIC 豊田上郷
16%
IC 東名三好
16%
SIC 蒲生
16%
IC 神戸北
16%
PA 淡河
16%
IC 三木東
16%
IC 加古川北
16%
IC 山陽姫路東
16%
IC 山陽姫路西
16%
SA/SIC 吉備
16%
PA 道口
16%
IC 五日市
16%
出入口/JCT 貝塚
16%
JCT 竹橋
11%
出口 北の丸
11%
出入口 代官町
11%
JCT 谷町
11%
出入口 高樹町
11%
PA 鮎沢
11%
PA/SIC 駒門
11%
SIC 大井川焼津藤枝
11%
IC 相良牧之原
11%
PA 小笠
11%
PA/SIC 遠州豊田
11%
PA/SIC 三方原
11%
SIC 舘山寺
11%
PA 尾張一宮
11%
PA/SIC 湖東三山
11%
PA 黒丸
11%
JCT 西宮山口
11%
PA 福石
11%
PA 篠坂
11%
IC 三原久井
11%
PA 高坂
11%
IC 河内
11%
JCT/IC 高屋
11%
PA/SIC 沼田
11%
SA 佐波川
11%
JCT 美祢東
11%
IC 美祢西
11%
PA 王司
11%
IC 新門司
11%
PA 吉志
11%
出入口 粕屋
11%
出入口 多の津
11%
出入口 松島
11%
出入口 東浜
11%
PA 菩提寺
5%
IC 栗東湖南
5%
IC 三木小野
5%
PA 権現湖
5%
PA 白鳥
5%
SA 小谷
5%
IC 志和
5%
PA 奥屋
5%
IC 熊毛
5%
PA 富海
5%
IC 山口南
5%
PA 伊佐
5%
No matching quizzes found
Score Distribution
Percent of People with Each Score
Percentile by Number Answered
Your Score History
You have not taken this quiz